Моделирующая система автоматизированного проектирования реакторного блока изомеризации парафинов

Xehetasun bibliografikoak
Erakunde egilea: Томский политехнический институт
Beste egile batzuk: Гетманцев С. В. Степан Викторович, Иванчина Э. Д. Эмилия Дмитриевна, Кравцов А. В. Анатолий Васильевич, Москвин В. С. Владимир Сергеевич
Gaia:В фонде НТБ ТПУ отсутствует
Hizkuntza:errusiera
Argitaratua: Томск, 1987
Gaiak:
Formatua: MixedMaterials Liburua
KOHA link:https://koha.lib.tpu.ru/cgi-bin/koha/opac-detail.pl?biblionumber=594263

MARC

LEADER 00000nam0a2200000 4500
001 594263
005 20231101131811.0
029 0 0 |a SU  |b 66-НХ-87  |f ЦНИИТЭНефтехим 
035 |a (RuTPU)RU\TPU\tpu\8685 
035 |a RU\TPU\tpu\8684 
090 |a 594263 
100 |a 20020529d1987 m y0rusy50 ca 
101 0 |a rus 
102 |a RU 
105 |a y z 001zy 
200 1 |a Моделирующая система автоматизированного проектирования реакторного блока изомеризации парафинов  |f С. В. Гетманцев [и др.] 
210 |a Томск  |d 1987 
215 |a 14 с. 
320 |a Библиогр.: 7 назв. - Деп. в ЦНИИТЭНефтехим 22.04.87, № 66-НХ-87. 
333 |a В фонде НТБ ТПУ отсутствует 
610 1 |a труды учёных ТПУ 
701 1 |a Гетманцев  |b С. В.  |c ХТФ  |f 1961-  |g Степан Викторович  |2 tpush  |3 (RuTPU)RU\TPU\pers\3369 
701 1 |a Иванчина  |b Э. Д.  |c химик  |c профессор Томского политехнического университета, доктор технических наук  |f 1951-  |g Эмилия Дмитриевна  |x TPU  |2 stltpush  |3 (RuTPU)RU\TPU\pers\24966 
701 1 |a Кравцов  |b А. В.  |c химик-технолог  |c профессор-консультант Томского политехнического университета, доктор технических наук  |f 1938-  |g Анатолий Васильевич  |x TPU  |2 stltpush  |3 (RuTPU)RU\TPU\pers\19827 
701 1 |a Москвин  |b В. С.  |c кандидат технических наук  |c ХТФ  |f 1945-  |g Владимир Сергеевич  |2 tpush  |3 (RuTPU)RU\TPU\pers\3249 
712 0 2 |a Томский политехнический институт 
801 1 |a RU  |b 63413507  |c 20020529  |g PSBO 
801 2 |a RU  |b 63413507  |c 20140521  |g PSBO 
942 |c BK